000 00386nam a2200133Ia 4500
008 220217s9999||||xx |||||||||||||| ||und||
020 _a9789332902961
082 _a620.106 EVE
100 _aEvett, Jack, B and Liu, Cheng
_910065
245 0 _aFundamentals of fluid mechanics
260 _aMcgraw hill book company
_bNew Delhi
_c2014
300 _a416p.
_b695
650 _aMechanics
999 _c188056
_d188056